Ispaniâ i Rossiâ : diplomatiâ i dialog kulʹtur : tri stoletiâ otnoenij = (Record no. 190409)
[ view plain ]
| 000 -LEADER | |
|---|---|
| campo de control de longitud fija | 01469nam a2200313 i 4500 |
| 001 - NÚMERO DE CONTROL | |
| campo de control | 190409 |
| 003 - IDENTIFICADOR DE NÚMERO DE CONTROL | |
| campo de control | ES-MaACL |
| 005 - FECHA Y HORA DE LA ÚLTIMA TRANSACCIÓN | |
| campo de control | 20250804230324.0 |
| 008 - DATOS DE LONGITUD FIJA--INFORMACIÓN GENERAL | |
| campo de control de longitud fija | 210311s2018 ru af 001 0 spa d |
| 020 ## - NÚMERO INTERNACIONAL ESTÁNDAR DEL LIBRO | |
| Número Internacional Estándar del Libro | 978-5-91674-528-3 |
| 080 ## - NÚMERO DE LA CLASIFICACIÓN DECIMAL UNIVERSAL | |
| Número de la Clasificación Decimal Universal | 327(470:460)"17/20" |
| 080 ## - NÚMERO DE LA CLASIFICACIÓN DECIMAL UNIVERSAL | |
| Número de la Clasificación Decimal Universal | 327(460:470)"17/20" |
| 245 00 - MENCIÓN DEL TÍTULO | |
| Título | Ispaniâ i Rossiâ : diplomatiâ i dialog kulʹtur : tri stoletiâ otnoenij = |
| Resto del título | España y Rusia : diplomacia y diálogo de culturas : tres siglos de relaciones / |
| Mención de responsabilidad, etc. | [Olga Volosyuk (dir.)]. |
| 246 3# - FORMA VARIANTE DEL TITULO | |
| Título propio/Titulo breve | España y Rusia : diplomacia y diálogo de culturas : |
| Resto del título | tres siglos de relaciones |
| 260 ## - PUBLICACIÓN, DISTRIBUCIÓN, ETC. | |
| Lugar de publicación, distribución, etc. | Moskva = Moscú : |
| Nombre del editor, distribuidor, etc. | Indrik, |
| Fecha de publicación, distribución, etc. | 2018. |
| 300 ## - DESCRIPCIÓN FÍSICA | |
| Extensión | 926 p., [16] p. de lám. col. : |
| Otras características físicas | il. ; |
| Dimensiones | 24 cm. |
| 500 ## - NOTA GENERAL | |
| Nota general | Índice. |
| 504 ## - NOTA DE BIBLIOGRAFÍA, ETC. | |
| Nota de bibliografía, etc. | Bibliografía: p. 879-904. |
| 546 ## - NOTA DE IDIOMA | |
| Nota de lengua/lenguaje | Texto en ruso y español. |
| 594 ## - Nota al título y mención de responsabilidad | |
| Nota al título y mención de responsabilidad | Precede al tít. en español: Universidad Nacional de Investigación "Escuela Superior de Economía" |
| 596 ## - NOTA AL PIE DE IMPRENTA | |
| NOTA AL PIE DE IMPRENTA | En verso de port.: AECID [Agencia Española de Cooperación Internacional para el Desarrollo] |
| 651 #4 - PUNTO DE ACCESO ADICIONAL DE MATERIA--NOMBRE GEOGRÁFICO | |
| Nombre geográfico | España- |
| Subdivisión general | Relaciones- |
| Subdivisión geográfica | Rusia. |
| 9 (RLIN) | 170136 |
| 651 #4 - PUNTO DE ACCESO ADICIONAL DE MATERIA--NOMBRE GEOGRÁFICO | |
| Nombre geográfico | Rusia- |
| Subdivisión general | Relaciones- |
| Subdivisión geográfica | España. |
| 9 (RLIN) | 170137 |
| 710 2# - ENTRADA AGREGADA--NOMBRE DE ENTIDAD CORPORATIVA | |
| Nombre de entidad corporativa o nombre de jurisdicción como elemento de entrada | Agencia Española de Cooperación Internacional para el Desarrollo |
| 9 (RLIN) | 152192 |
| 852 ## - LOCALIZACIÓN | |
| Ubicación | ES-MaACL |
| Número de control de estantería | A-14610 |
| itemnumber | 197586 |
| Sublocalización o colección | R.152553 |
| Ubicación en estantería | Depósito 1 |
| Signatura antigua | Olim: N-7610 |
| Encuadernación | Encuadernación en cartoné |
| 942 ## - ELEMENTOS DE ENTRADA SECUNDARIOS (KOHA) | |
| Fuente del sistema de clasificación o colocación | Clasificación decimal universal |
| Tipo de ítem Koha | Libro impreso |
| Estatus retirado | Estado de pérdida | Fuente del sistema de clasificación o colocación | Estado de daño | No para préstamo | Biblioteca de origen | Biblioteca actual | Ubicación en estantería | Fecha de adquisición | Fuente de adquisición | Total de préstamos | Signatura topográfica completa | Código de barras | Visto por última vez | Precio de reemplazo | Tipo de ítem Koha |
|---|---|---|---|---|---|---|---|---|---|---|---|---|---|---|---|
| Clasificación decimal universal | Biblioteca del Ateneo de Madrid | Biblioteca del Ateneo de Madrid | Depósito 1 | 11/03/2021 | Donación | A-14610 | 1202431 | 23/02/2023 | 23/02/2023 | Libro impreso |
